[Event "Daventry 4NCL Easter op-B 2nd"]
[Site "Daventry"]
[Date "2022.04.15"]
[Round "1"]
[White "Wheeler, Tim"]
[Black "Whitmore, Darren H"]
[Result "1-0"]
[WhiteElo "1703"]
[BlackElo "1874"]
[PlyCount "57"]
[EventDate "2022.04.15"]
[EventType "swiss"]
[EventRounds "7"]
[EventCountry "ENG"]
[SourceTitle "CBM 207 Extra"]
[Source "ChessBase"]
[SourceDate "2022.05.31"]
[SourceVersion "1"]
[SourceVersionDate "2022.05.31"]
[SourceQuality "1"]

1. e4 c5 2. Nf3 Nc6 3. Bb5 Nf6 4. Nc3 Nd4 5. e5 Nxb5 6. Nxb5 Nd5 7. 0-0 a6 8. Nc3 e6 9. Nxd5 exd5 10. d4 c4 11. Re1 Be7 12. Bf4 0-0 13. Qd2 d6 14. h3 Bf5 15. a4 dxe5 16. dxe5 c3 17. bxc3 Qa5 18. Nd4 Bd7 19. Rab1 b6 20. Re3 Rac8 21. Rg3 Rfe8 22. Bh6 g6 23. Rf3 Bf8 24. Bxf8 Rxf8 25. Rb4 Qc5 26. Qh6 a5 27. Nf5 Bxf5 28. Rh4 Rfe8 29. Rxf5 1-0

[Event "BCF-chT4a 0405 (4NCL)"]
[Site "Telford"]
[Date "2004.11.07"]
[Round "2.1"]
[White "Whitmore, Darren H"]
[Black "Fowler, Simon"]
[Result "0-1"]
[WhiteElo "2000"]
[BlackElo "2107"]
[PlyCount "50"]
[EventDate "2004.11.06"]
[EventType "team"]
[EventRounds "11"]
[EventCountry "ENG"]
[SourceTitle "EXT 2006"]
[Source "ChessBase"]
[SourceDate "2005.11.24"]
[SourceVersion "1"]
[SourceVersionDate "2005.11.24"]
[SourceQuality "1"]
[WhiteTeam "The ADS"]
[BlackTeam "Hilsmark Kingfisher"]
[WhiteTeamCountry "ENG"]
[BlackTeamCountry "ENG"]

1. d3 d5 2. Nd2 e6 3. e4 Nf6 4. e5 Nfd7 5. d4 c5 6. c3 Nc6 7. Ngf3 Be7 8. Be2 f6 9. exf6 Bxf6 10. 0-0 0-0 11. dxc5 Nxc5 12. Nb3 b6 13. Nbd4 Ne7 14. Re1 Ng6 15. Be3 a6 16. Qc2 e5 17. Nb3 Ne6 18. Rad1 Bb7 19. Rd2 Qc7 20. Red1 Rac8 21. Qf5 Rce8 22. Qg4 Nef4 23. Bxf4 Nxf4 24. Bf1 Bc8 25. Qg3 Nh5 0-1

[Event "BCF-chT3 0304 (4NCL)"]
[Site "West Bromwich"]
[Date "2004.05.30"]
[Round "8.6"]
[White "Whitmore, Darren H"]
[Black "Powell, Lloyd"]
[Result "0-1"]
[WhiteElo "1752"]
[BlackElo "1992"]
[PlyCount "92"]
[EventDate "2003.11.23"]
[EventType "team"]
[EventRounds "11"]
[EventCountry "ENG"]
[SourceTitle "EXT 2005"]
[Source "ChessBase"]
[SourceDate "2004.11.15"]
[SourceVersion "1"]
[SourceVersionDate "2004.11.15"]
[SourceQuality "1"]
[WhiteTeam "The ADS II"]
[BlackTeam "SW Dragons II"]
[WhiteTeamCountry "ENG"]
[BlackTeamCountry "ENG"]

1. e4 c5 2. c3 d5 3. exd5 Qxd5 4. d4 Nf6 5. Nf3 e6 6. Na3 a6 7. Nc4 Qd8 8. Be2 Nc6 9. Be3 cxd4 10. Nxd4 Bd7 11. 0-0 Be7 12. Nxc6 Bxc6 13. Ne5 Be4 14. f3 Qxd1 15. Rfxd1 Nd5 16. Bf2 Bc2 17. Rd2 Bf5 18. Rad1 Bg5 19. g3 Bxd2 20. Rxd2 f6 21. Nc4 0-0-0 22. Ne3 Nxe3 23. Bxe3 Rxd2 24. Bxd2 Rd8 25. Be3 Bd3 26. Kf2 Bxe2 27. Kxe2 Kc7 28. h4 b5 29. b3 Kc6 30. h5 Kd5 31. g4 e5 32. Kd3 Rc8 33. Bd2 g6 34. hxg6 hxg6 35. a3 f5 36. gxf5 gxf5 37. a4 e4+ 38. Ke3 f4+ 39. Kxf4 Rf8+ 40. Ke3 Rxf3+ 41. Ke2 bxa4 42. bxa4 Kc4 43. a5 Kb5 44. c4+ Kxc4 45. Be3 Kb5 46. Bb6 Ra3 0-1